Library Banner

The unity of India (Record no. 69707)

MARC details
000 -LEADER
fixed length control field 00403nam a22001457a 4500
005 - DATE AND TIME OF LATEST TRANSACTION
control field 20150407135907.0
008 - FIXED-LENGTH DATA ELEMENTS--GENERAL INFORMATION
fixed length control field 150407b xxu||||| |||| 00| 0 eng d
040 ## - CATALOGING SOURCE
Transcribing agency PK-LaUMT
082 ## - DEWEY DECIMAL CLASSIFICATION NUMBER
Classification number KHC 954.0359
Item number JAW-U
100 ## - MAIN ENTRY--PERSONAL NAME
Personal name Jawaharlal Nehru
245 ## - TITLE STATEMENT
Title The unity of India
Remainder of title collected writings 1937-40
Statement of responsibility, etc Jawaharlal Nehru
260 ## - PUBLICATION, DISTRIBUTION, ETC. (IMPRINT)
Place of publication, distribution, etc London
Name of publisher, distributor, etc Lindsay drummond
Date of publication, distribution, etc 1942
300 ## - PHYSICAL DESCRIPTION
Extent 432 p.
942 ## - ADDED ENTRY ELEMENTS (KOHA)
Koha item type Books
Holdings
Withdrawn status Lost status Damaged status Home library Current library Date acquired Full call number Barcode Date last seen Price effective from Koha item type
      UMT Main Campus UMT Main Campus 2015-04-07 KHC 954.0359 JAW-U 73796 2018-03-22 2015-04-07 Books